000 00411 a2200157 4500
005 20250626134826.0
020 _a0-273-71018-4
082 _a658.4012 JOH.
100 _aJOHNSON, G.
245 _aEnhanced Media Edition,
250 _a7th Ed.
260 _aLondon,
_bPrentice Hall,
_c2006.
300 _axxx1v.; 660p.; Ill.; picture
_bIndex,
_c27cm.
700 _aSCHOLE, K. & WHITTINGTON, R.
942 _2ddc
_cBKS
999 _c5370
_d5370